000 00405nam a2200169Ia 4500
001 26227
003 IN-NITTTR
005 20251114233330.0
008 251113s9999||||xx |||||||||||||| ||eng||
040 _beng
040 _cIN-NITTTR
041 _aeng
082 _a300.72 L44R
100 _aLaws, Sophie
245 0 _aResearch for development :
_b a practical guide. /
_cLaws, Sophie
942 _2ddc
_cBK
999 _c28856
_d28856